[Event "Fajr op 28th"]
[Site "Chabahar"]
[Date "2020.02.06"]
[Round "5"]
[White "Razaghi, Behrooz"]
[Black "Mirzoev, Azer"]
[Result "1/2-1/2"]
[WhiteElo "2116"]
[BlackElo "2439"]
[PlyCount "61"]
[EventDate "2020.02.03"]
[EventType "swiss"]
[EventRounds "9"]
[EventCountry "IRI"]
[SourceTitle "CBM 194 Extra"]
[Source "ChessBase"]
[SourceDate "2020.03.31"]
[SourceVersion "1"]
[SourceVersionDate "2020.03.31"]
[SourceQuality "1"]

1. e4 e6 2. d4 d5 3. Nc3 Bb4 4. e5 c5 5. a3 Ba5 6. b4 cxd4 7. Qg4 Kf8 8. Nb5 Bb6 9. Nf3 Nc6 10. Bb2 Nge7 11. Nbxd4 Nxd4 12. Bxd4 Bxd4 13. Qxd4 Bd7 14. Bd3 Qb6 15. Qxb6 axb6 16. Kd2 Nc6 17. Rhe1 Ke7 18. b5 Na5 19. Reb1 Rhc8 20. Rb4 Rc5 21. Nd4 Nc4+ 22. Bxc4 dxc4 23. f4 f6 24. Kc3 fxe5 25. fxe5 Rxe5 26. Rxc4 Rd5 27. a4 e5 28. Re1 Kd6 29. Nf3 Rc8 30. Nd2 Ra8 31. Rce4 1/2-1/2

[Event "Fajr op 27th"]
[Site "Tehran"]
[Date "2019.02.05"]
[Round "1"]
[White "Razaghi, Behrooz"]
[Black "Grigoryan, Karen H"]
[Result "1/2-1/2"]
[WhiteElo "2156"]
[BlackElo "2590"]
[PlyCount "98"]
[EventDate "2019.02.05"]
[EventType "swiss"]
[EventRounds "9"]
[EventCountry "IRI"]
[SourceTitle "CBM 188 Extra"]
[Source "ChessBase"]
[SourceDate "2019.02.26"]
[SourceVersion "1"]
[SourceVersionDate "2019.02.26"]
[SourceQuality "1"]

1. e4 g6 2. d4 Bg7 3. Nc3 d6 4. Be3 a6 5. Qd2 b5 6. 0-0-0 Bb7 7. f3 Nd7 8. h4 h5 9. Nh3 Rc8 10. Ng5 c5 11. Kb1 Qa5 12. Nd5 Qxd2 13. Rxd2 Bxd5 14. exd5 c4 15. c3 Ngf6 16. Rd1 Nxd5 17. Bd2 N7b6 18. f4 a5 19. Be2 b4 20. Kc2 e6 21. Bf3 Rb8 22. Bc1 a4 23. a3 bxa3 24. bxa3 0-0 25. Bd2 Nf6 26. Rb1 d5 27. Rb4 Rfc8 28. Rhb1 Nfd7 29. Bc1 Bf8 30. Rb5 Na8 31. Rxb8 Rxb8 32. Rxb8 Nxb8 33. f5 Nc7 34. fxe6 fxe6 35. g4 Bd6 36. gxh5 gxh5 37. Bxh5 Kg7 38. Bg4 e5 39. Ne6+ Kf7 40. Nxc7 Bxc7 41. dxe5 Bxe5 42. Bh5+ Ke7 43. Bg5+ Kd6 44. Be8 Nd7 45. h5 Nc5 46. Bg6 Ne6 47. Be3 d4 48. cxd4 Nxd4+ 49. Bxd4 Bxd4 1/2-1/2

[Event "Shiraz Farvardin op"]
[Site "Shiraz"]
[Date "2018.04.16"]
[Round "9"]
[White "Mosadeghpour, Masoud"]
[Black "Razaghi, Behrooz"]
[Result "1-0"]
[WhiteElo "2527"]
[BlackElo "2186"]
[PlyCount "81"]
[EventDate "2018.04.11"]
[EventType "swiss"]
[EventRounds "11"]
[EventCountry "IRI"]
[SourceTitle "CBM 187 Extra"]
[Source "ChessBase"]
[SourceDate "2018.11.04"]
[SourceVersion "1"]
[SourceVersionDate "2018.11.04"]
[SourceQuality "1"]

1. d4 d5 2. Nf3 Nf6 3. e3 c6 4. c4 Bf5 5. Nc3 e6 6. Qb3 Qb6 7. Qxb6 axb6 8. Nh4 Bc2 9. Bd2 h6 10. Rc1 Bh7 11. a3 Nbd7 12. Nf3 Bd6 13. Be2 0-0 14. 0-0 Rfe8 15. Rfd1 Ne4 16. Nxe4 Bxe4 17. Ne1 Ra4 18. f3 Bg6 19. Kf2 Raa8 20. g3 dxc4 21. Bxc4 b5 22. Bb3 Nb6 23. e4 e5 24. dxe5 Bxe5 25. Nd3 Bf6 26. Bc3 Bxc3 27. Rxc3 Kf8 28. Nc5 Re7 29. Rd4 Rae8 30. Rd6 Bh7 31. Rcd3 Nc4 32. Bxc4 bxc4 33. R3d4 f5 34. e5 Bg8 35. Nd7+ Kf7 36. f4 Re6 37. Nc5 R6e7 38. Rxc4 Rc7 39. Rcd4 Rec8 40. Rd7+ Ke8 41. e6 1-0

[Event "Tehran Alborz op 1st"]
[Site "Tehran"]
[Date "2014.03.08"]
[Round "4"]
[White "Toufighi, Homayoon"]
[Black "Razaghi, Behrooz"]
[Result "1/2-1/2"]
[WhiteElo "2456"]
[BlackElo "2154"]
[PlyCount "86"]
[EventDate "2014.03.06"]
[EventType "swiss"]
[EventRounds "11"]
[EventCountry "IRI"]
[SourceTitle "CBM 159 Extra"]
[Source "ChessBase"]
[SourceDate "2014.04.24"]
[SourceVersion "1"]
[SourceVersionDate "2014.04.24"]
[SourceQuality "1"]

1. d4 d5 2. Nf3 Nf6 3. e3 Bf5 4. c4 c6 5. Nc3 e6 6. Qb3 Qc7 7. Nh4 Bg6 8. Be2 Nbd7 9. 0-0 Be7 10. cxd5 exd5 11. f4 Ne4 12. Nxg6 Nxc3 13. bxc3 hxg6 14. c4 Nf6 15. Rb1 b6 16. cxd5 cxd5 17. Qa4+ Kf8 18. Bd2 Bd6 19. Rfc1 Qd8 20. Rc6 Ne4 21. Be1 Kg8 22. Qb3 Qe7 23. Qxd5 Rd8 24. Qb3 g5 25. Bf3 gxf4 26. Qc2 Ng5 27. e4 Qd7 28. Rc4 Nxf3+ 29. gxf3 Rh6 30. Qe2 Qh3 31. Kh1 Rg6 32. Bd2 Be5 33. Bc3 b5 34. Rcb4 a5 35. Rxb5 Rc8 36. Qf1 Qxf1+ 37. Rxf1 Rxc3 38. Rxe5 Rc2 39. Rxa5 Rh6 40. Rg5 Rhxh2+ 41. Kg1 Rxa2 42. Ra1 Rad2 43. d5 Rhe2 1/2-1/2

[Event "Tehran Alborz op 1st"]
[Site "Tehran"]
[Date "2014.03.07"]
[Round "3"]
[White "Razaghi, Behrooz"]
[Black "Benidze, Davit"]
[Result "1/2-1/2"]
[WhiteElo "2154"]
[BlackElo "2479"]
[PlyCount "131"]
[EventDate "2014.03.06"]
[EventType "swiss"]
[EventRounds "11"]
[EventCountry "IRI"]
[SourceTitle "CBM 159 Extra"]
[Source "ChessBase"]
[SourceDate "2014.04.24"]
[SourceVersion "1"]
[SourceVersionDate "2014.04.24"]
[SourceQuality "1"]

1. e4 c6 2. d4 g6 3. Nc3 Bg7 4. Be3 Qb6 5. a3 d6 6. Nf3 Nf6 7. h3 0-0 8. Be2 Qc7 9. Qd2 Nbd7 10. 0-0 b5 11. Rfe1 a6 12. Bg5 Rd8 13. Qe3 Nb6 14. Rad1 Bb7 15. Nd2 a5 16. Qg3 Rac8 17. Qh4 Nbd7 18. Nf3 b4 19. axb4 axb4 20. Nb1 c5 21. d5 c4 22. c3 Nc5 23. Bf1 Na4 24. Rd2 Qa5 25. Rc1 Re8 26. Nd4 Nc5 27. f3 Nfd7 28. cxb4 Qxb4 29. Rxc4 Qb6 30. Qf2 Ba6 31. Rc3 Bxf1 32. Kxf1 Qa6+ 33. Kg1 Qa1 34. Rd1 Rb8 35. Ra3 Qxb2 36. Qxb2 Rxb2 37. Nc6 Bf6 38. Bxf6 exf6 39. Nd2 Nb6 40. Raa1 f5 41. Rab1 Rxb1 42. Rxb1 Ncd7 43. Ra1 fxe4 44. fxe4 Nf6 45. Ra6 Nbd7 46. Na5 Nc5 47. Rxd6 Ncxe4 48. Nxe4 Nxe4 49. Rb6 Rd8 50. Nc6 Rd7 51. Nb4 Nc3 52. Rc6 Nxd5 53. Nxd5 Rxd5 54. Rc2 Rd4 55. Kf2 h5 56. Ke3 Ra4 57. Rb2 Kg7 58. Kf3 Kh6 59. Rc2 Kg5 60. Kg3 f5 61. Rc6 Ra3+ 62. Kf2 Ra5 63. h4+ Kh6 64. Rc7 Ra3 65. Rb7 Ra4 66. Kg3 1/2-1/2